|
|
|
|
| LEADER |
00000nam0a2200000 4500 |
| 001 |
30584 |
| 005 |
20231030203958.0 |
| 010 |
|
|
|a 5732504265
|
| 035 |
|
|
|a (RuTPU)RU\TPU\book\30857
|
| 035 |
|
|
|a BOOK00000029
|
| 090 |
|
|
|a 30584
|
| 100 |
|
|
|a 20011209d1997 k y0rusy50 ca
|
| 101 |
0 |
|
|a rus
|
| 102 |
|
|
|a RU
|
| 105 |
|
|
|a a z 001zy
|
| 200 |
1 |
|
|a Радиационная повреждаемость и работоспособность конструкционных материалов
|f А. Д. Амаев, А. М. Крюков, И. М. Неклюдов и др.
|
| 210 |
|
|
|a СПб.
|c Политехника
|d 1997
|
| 215 |
|
|
|a 312 с.
|c ил.
|
| 320 |
|
|
|a Библиогр.: с. 295-309.
|
| 610 |
1 |
|
|a ядерная техника
|
| 610 |
1 |
|
|a ядерные энергетические установки
|
| 610 |
1 |
|
|a ЯЭУ
|
| 610 |
1 |
|
|a материаловедение
|
| 610 |
1 |
|
|a конструкционные материалы
|
| 610 |
1 |
|
|a радиационная стойкость
|
| 610 |
1 |
|
|a работоспособность
|
| 610 |
1 |
|
|a реакторы
|
| 610 |
1 |
|
|a разрушение
|
| 610 |
1 |
|
|a коррозионные повреждения
|
| 675 |
|
|
|a 621.039.53
|v 3
|
| 701 |
|
1 |
|a Амаев
|b А. Д.
|g Амир Джебраилович
|
| 701 |
|
1 |
|a Крюков
|b А. М.
|g Александр Михайлович
|
| 701 |
|
1 |
|a Неклюдов
|b И. М.
|g Иван Матвеевич
|
| 701 |
|
1 |
|a Паршин
|b А. М.
|g Анатолий Максимович
|
| 701 |
|
1 |
|a Платонов
|b П. А.
|g Павел Александрович
|
| 701 |
|
1 |
|a Тихонов
|b А. Н.
|g Александр Николаевич
|
| 701 |
|
1 |
|a Хлопкин
|b Н. С.
|g Николай Сидорович
|
| 701 |
|
1 |
|a Штромбах
|b Я. И.
|g Ярослав Игоревич
|
| 801 |
|
0 |
|a RU
|b 63413507
|c 20011209
|g PSBO
|
| 801 |
|
2 |
|a RU
|b 63413507
|c 20070322
|g PSBO
|
| 942 |
|
|
|c BK
|